| 000 | 00673nam a22001937a 4500 | ||
|---|---|---|---|
| 005 | 20180528122149.0 | ||
| 020 |
_a9789350142554 _c595.00 |
||
| 037 | _bRK Books | ||
| 082 | _a621.56 | ||
| 100 | _aRajput, R.K. | ||
| 245 |
_a A textbook of Refrigeration and Air-Conditioning _cR.K.Rajput |
||
| 250 | _a3rd ed. | ||
| 260 |
_aNew Delhi _bS.K.Kataria _c2017 |
||
| 270 |
_a4885/109, Prakash Mahal, Opp. Delhi Medical Association, Daryaganj _bNew Delhi _e110002 |
||
| 300 |
_axx, 902p. _bill. _c25cm. |
||
| 500 | _aInclude Index | ||
| 942 |
_2ddc _cEN _h621.56 _mRAJ |
||
| 999 |
_c152312 _d152312 |
||